Statistics for Borderlands Gaming Franchise

Click here to take the quiz!

General Stats

  • This quiz has been taken 82 times
  • The average score is 5 of 5

Answer Stats

HintGame% Correct
Four courageous adventurers land on the planet of Pandora, a barren wasteland filled with dangerous creatures, in search of The Vault, a mysterious relic that contains untold technology, and only opens every 200 years.Borderlands
100%
A new group of adventurers arrives on the frontier planet Pandora. They are assassinated by Handsome Jack, the most powerful merc on the planet. One of them survives and with the help of a deranged talking robot seeks loot and revenge.Borderlands 2
100%
Troy and Tyreen Calypso learn of other Vaults beyond the planet Pandora, and form a violent cult named the "Children of the Vault" to gain possession of them, while Lilith recruits the "Vault Hunter" to get to them first.Borderlands 3
100%
Before the events of the last game, Handsome Jack begins a rise to power on the surface of Elpis, Pandora's Moon, while a group of vault hunters battles a rouge military group known as The Lost Legion.Borderlands: The Pre-Sequel!
83%
Corporate stooge Rhys, and Con woman Fiona team up to discover the secret of an alien vault on the dangerous planet Pandora.Tales from the Borderlands
74%

Score Distribution

Percentile by Number Answered

Percent of People with Each Score

Your Score History

You have not taken this quiz